| 000 | 00876naa a2200277 a 4500 | ||
|---|---|---|---|
| 999 |
_c7073 _d7073 |
||
| 001 | 7073 | ||
| 003 | BD-DhEWU | ||
| 005 | 20220223020549.0 | ||
| 008 | 220223s1995 enka g b 001 0 eng d | ||
| 020 | _a0137095686 | ||
| 020 | _a9780137095681 | ||
| 035 | _a(OCLC)265446194 | ||
| 040 |
_aDLC _cDLC _dDLC _dBD-DhEWU _beng |
||
| 041 | _aeng | ||
| 082 | 0 | 0 |
_a658.4034 _bWAP 1969 |
| 100 | 1 |
_aWagner, Harvey M. _925485 |
|
| 245 | 1 | 0 |
_aPrinciples of operations research : _bwith applications to managerial decisions / _cHarvey M Wagner. |
| 260 |
_aLondon : _bPrentice-Hall, _c1969. |
||
| 300 |
_aVarious pagination. _bill. ; _c24 cm. |
||
| 490 | _aPrentice-Hall international series in management | ||
| 504 | _aIncludes bibliographical references and index | ||
| 526 | _aEconomics | ||
| 590 | _aSagar Shahanawaz | ||
| 650 |
_aOperations research. _925486 |
||
| 942 |
_2ddc _cTEXT |
||